01825njm a2200325Ia 450000100060000000300090000600500170001500800410003204000130007304000130008610000110009910000180011010000380012824500310016625000110019726000110020826000640021930000100028330000300029350000990032350504160042265000560083870001450089470001040103970000730114370000600121670000760127670000740135270000730142678442IT-RoPAU20220918181122.0131025s9999 xx 000 0 und d aIT-RoPAU cIT-RoPAU aAA.VV. eAutore musica gCodice autore musica SPICS: 12000 aChiesa (La)-Colonna sonora a1a ed. aITALIA bCINEVOX RECORDc1989 [1a Ed.:1989 - Ed. Lingua Orig.: 1989] aDISCO c44 minuti (Testo: 0 pag.) aColonna sonora del film "La Chiesa" di Dario Argento e Franco Ferrini diretto da Michele Soavi aThe Possession [(Emerson Keith) (3:00)] - Lotte [(Goblin) (4:00)] - Go To Hell [(Zooming On The Zoo) (4:00)] - The Wire Blaze [(Definitive Gaze) (4:00)] - The Church Revisited [(Emerson Keith) (5:00)] - The Church: Main Theme [(Emerson Keith) (5:00)] - La Chiesa [(Goblin) (6:00)] - Prelude 24 [(From Well Tempered Clavier) (Emerson Keith) (3:00)] - Possessione [(Goblin) (4:00)] - Floe [(Emerson Keith) (9:00)] aCOLONNA SONORA [DISCHI]eCodice MATERIA SPICS: 9950 aEmerson KeithdCodice autore musica SPICS: 10877eAutore musicapThe Possession - The Church Revisited - The Church: Main Theme - Prelude 24 aPignatelli FabiodCodice autore musica SPICS: 15929eAutore musicapLotte - La Chiesa - Possessione aCaroladCodice autore musica SPICS: 27028eAutore musicapGo To Hell aRinaldidCodice autore SPICS: 27029eAutorepGo To Hell aManzodCodice autore musica SPICS: 15864eAutore musicapThe Wire Blaze aBach Johann SebastiandCodice autore SPICS: 9695eAutorepPrelude 24  aGlass PhilipdCodice autore musica SPICS: 11482eAutore musicapFloe